Statistics for Top 50 Narnia Characters by Mention

Click here to take the quiz!

General Stats

  • This quiz has been taken 313 times
  • The average score is 19 of 50

Answer Stats

#Characters% Correct
675Aslan
97%
412Peter Pevensie
97%
255Susan Pevensie
96%
710Lucy Pevensie
95%
546Edmund Pevensie
94%
72White Witch/Queen Jadis
92%
499Caspian X
85%
61Tumnus
69%
468Eustace Scrubb
67%
317Digory Kirke
55%
133Reepicheep
52%
427Jill Pole
50%
194Polly Plummer
48%
397Shasta/Cor
45%
137Trumpkin
45%
78Miraz
42%
205Aravis Tarkheena
39%
184Bree
37%
54Nikabrik
37%
176Puddleglum
35%
39Rilian
35%
35Corin
33%
156Andrew Ketterley
32%
103Drinian
30%
71Puzzle
30%
48Trufflehunter
30%
77Hwin
29%
213Tirian
29%
88Tash
28%
43Shift
25%
64Strawberry/Fledge
25%
71Jewel
24%
70Rabadash
24%
37King Lune
23%
23Ramandu
21%
16Rhoop
21%
28Bern
19%
20Glimfeather
19%
18Cornelius
18%
82Tisroc
18%
25Rishda Tarkaan
17%
17Rhince
14%
17Hermit of the Southern March
12%
16Pug
12%
20Glozelle
11%
23Poggin
10%
53Lasaraleen Tarkheena
9%
15Gumpas
8%
17Ahoshta
5%
17Golg
2%

Score Distribution

Percentile by Number Answered

Percent of People with Each Score

Your Score History

You have not taken this quiz